000
00376nam a22001577a 4500
003
MPLRDC
005
20220104124312.0
008
210129b ||||| |||| 00| 0 eng d
082
_a
848.1 MD-12
100
_a
茅盾著
245
_a
第一阶段的故事
_c
260
_a
_b
香港汇通书店
_c
1963
300
_b
平
650
_a
现代别集
942
_c
BK
_o
848.1 MD-12
999
_c
18253
_d
18243